000 00474nam a2200157 4500
008 0 1994 0a 000 0MEX
020 _a968-26-1258-6 ; 978-968-26-1258-9
050 _aTS156 F452 1994
082 _a658.568 F555c
100 _aFeigenbaum, Armand V.
245 _aControl total de la calidad / Armand V. Feigenbaum
250 _a3 / 12 reimp. 2011
260 _aMéxico : CECSA-PATRIA
300 _a922 p. / 23 cm.
650 _a1.CONTROL DE CALIDAD
999 _c15687
_d15687